Country by Subdivision Flag - Statistics

General Stats
  • This quiz has been taken 689 times
  • The average score is 12 of 16
Answer Stats
Picture Answer % Correct
United Kingdom
99%
China
95%
Australia
93%
Brazil
90%
Tanzania
87%
Denmark
86%
Finland
86%
Japan
81%
Argentina
79%
United States of America
77%
Canada
74%
France
70%
Germany
67%
Italy
64%
Switzerland
38%
Mexico
33%
No matching quizzes found
Score Distribution
Percent of People with Each Score
Percentile by Number Answered
Your Score History
You have not taken this quiz